[Event "Israel Championship 2021"]
[Site "Haifa"]
[Date "2021.03.12"]
[Round "6.11"]
[White "Smirin, Ilia"]
[Black "Efroimski, Marsel"]
[Result "1-0"]
[WhiteElo "2614"]
[BlackElo "2357"]
[Annotator "TA"]
[PlyCount "167"]
[EventDate "2021.01.10"]
[EventType "swiss"]
[EventCountry "ISR"]
[SourceTitle "playchess.com"]
[Source "ChessBase"]
[SourceQuality "1"]

{[%evp 9,167,79,52,48,83,79,73,93,36,37,43,37,15,28,51,43,88,45,40,36,42,47,28,0,23,25,53,58,94,25,25,0,56,0,72,71,77,64,139,130,129,138,127,128,133,131,170,106,97,105,110,117,111,112,126,125,129,126,133,118,124,120,135,136,126,118,181,98,325,90,204,173,174,175,200,201,189,57,57,57,57,57,57,57,57,56,57,58,72,73,76,76,77,43,132,93,130,111,130,72,75,74,136,57,68,43,43,43,44,36,77,17,17,0,48,56,48,35,35,35,57,59,59,59,59,52,75,78,171,176,171,137,233,235,196,156,159,158,158,154,152,153,151,150,254,252,248,247,229,224,12840,12840,12841,12841,12841,12841,12841,12842,12842,12843]} 1. Nf3 Nf6 2. g3 e6 3. Bg2 b5 4. Nd4 d5 5. Nxb5 {[#]} h5 $146 ({Predecessor:} 5... a6 6. Nd4 c5 7. Nf3 Bb7 8. O-O Nc6 9. d3 Bd6 10. Nbd2 e5 11. e4 d4 {1-0 (24) Alekseenko,K (2625)-Zhou,J (2624) Qinhuangdao 2018}) 6. d4 {A05: Réti Opening: 1 Nf3 Nf6.} c6 7. N5c3 h4 8. O-O {White is better.} Ba6 9. Nd2 Bd6 10. Na4 hxg3 11. hxg3 Nbd7 12. c4 dxc4 13. Nc3 Qa5 14. e4 e5 15. Nf3 Rd8 16. Bd2 Qb6 17. Na4 Qb5 18. Re1 Ng4 19. Nh4 (19. b3 $1 $16) 19... Ndf6 $11 20. Nf5 $36 {[%mdl 2048] White has some pressure.} Bf8 (20... Bc7 $11 21. dxe5 (21. Nxg7+ Kf8 $17) 21... Nxe5) 21. d5 (21. b3 $14 cxb3 22. axb3) 21... g6 (21... Bc8 $11 22. Nc3 Qb6) 22. Ne3 $16 Nxe3 23. Bxe3 cxd5 (23... Bc8 $14) 24. Nc3 Qa5 25. exd5 {Bg5 is the strong threat.} ({Don't play} 25. Nxd5 $6 Nxd5 26. exd5 Bb4 $14) 25... Bg7 26. Bg5 {Threatens to win with Qf3.} O-O 27. Rxe5 Qb6 28. Na4 ({White should try} 28. Qd2 $18) 28... Qb4 29. a3 Qb5 30. Rb1 Bc8 31. Nc3 Qb6 32. Qd2 Rde8 {[#]} 33. Be3 $1 {[%mdl 512]} Qb8 34. Rxe8 Rxe8 35. Bf4 Qb3 36. d6 Bf5 37. Rc1 Nd7 (37... Qb6 $16 38. Bf1 Qc6) 38. Bc6 (38. Nd5 $18 {Hoping for Ne7+.} Bxb2 39. Ne7+ Kg7 40. Nxf5+ gxf5 41. Bc6) 38... Rb8 $2 (38... Qb6 $16 39. Bd5 Ne5) 39. Nd1 $2 (39. Nd5 $18 {and White stays clearly on top. aiming for Ne7+.} Bh3 40. Ne7+ Kf8 41. Qe2) 39... Qb6 (39... Be6 $16 {was worth a try.}) 40. Bxd7 Bxd7 41. Rxc4 a5 42. Rc7 Be6 43. d7 (43. Be3 $18 Qb5 44. Rc5) 43... Rd8 $1 $14 44. Nc3 Qd4 45. Qxd4 Bxd4 46. Be3 Bxc3 47. bxc3 Rxd7 {[%mdl 4096] Endgame KRB-KRB} 48. Rc8+ Kh7 {And now ...Rd1+ would win.} 49. Kg2 Rd3 50. Rc5 a4 51. Bd4 Rd1 (51... Kh6 $14) 52. Ra5 Bb3 53. g4 Kh6 54. Kg3 (54. Kf3 $142) 54... g5 $16 55. f3 Ra1 (55... Rd3 $142) 56. Bc5 (56. Ra6+ $16 Kh7 57. f4 gxf4+ 58. Kxf4) 56... Rc1 57. Bb4 Kg6 58. Ra6+ Kh7 59. Kf2 Rd1 60. Ke3 ({White should play} 60. Be7 $16) 60... Re1+ $11 61. Kf2 Rf1+ 62. Kg2 Rd1 63. Be7 Rd3 64. Bxg5 Bd5 65. Rh6+ Kg7 66. Rf6 Rxc3 67. Rf5 Rc2+ 68. Kg3 Bc6 (68... Be6 $16 {keeps fighting.} 69. Ra5 Rc3) 69. Bf6+ $18 Kf8 70. Rf4 Ke8 (70... Rc5 $16 {was necessary.} 71. g5 Ke8) 71. Rd4 {[%csl Gf6][%cal Rd4d8]} Bd7 72. f4 Rc6 73. g5 $1 Rc3+ 74. Kf2 {Black must now prevent Re4+.} Rc8 75. Rd5 Be6 76. Rd6 Kf8 {[#]} (76... Bf5 $16 {might work better.} 77. Rd5 Bd7) 77. g6 $1 Kg8 78. Kg3 Re8 {[#]} 79. g7 $1 Bf5 $2 (79... Kh7 80. Rd1 Kg6) 80. Kh4 {White is clearly winning.} Bh7 81. Kg5 Ra8 82. f5 Rc8 83. Ra6 Re8 84. Rxa4 {Weighted Error Value: White=0.23/Black=0.20} 1-0

[Event "Israel Championship 2021"]
[Site "Haifa"]
[Date "2021.03.12"]
[Round "6.12"]
[White "Parnes, Nadav"]
[Black "Steinberg, Nitzan"]
[Result "0-1"]
[WhiteElo "2273"]
[BlackElo "2553"]
[Annotator "TA"]
[PlyCount "86"]
[EventDate "2021.01.10"]
[EventType "swiss"]
[EventCountry "ISR"]
[SourceTitle "playchess.com"]
[Source "ChessBase"]
[SourceQuality "1"]

{[%evp 15,86,-39,-22,-14,-16,-30,-29,-27,0,-54,0,-54,5,-52,-14,-74,-39,-54,-18,-9,-29,-29,-13,-100,-72,-72,-81,-77,-71,-108,-25,-9,-4,0,0,0,45,8,22,-2,-4,-13,-12,-40,0,-38,-50,-123,-120,-212,-211,-239,-239,-239,-239,-403,-383,-383,-342,-596,-593,-514,-512,-593,-567,-1123,-1113,-980,-923,-12838,-12839,-12841,-12839]} 1. Nf3 d5 2. g3 Nd7 3. Bg2 e5 4. d3 Ngf6 5. O-O c6 6. Nbd2 Bd6 7. e4 O-O 8. Nh4 Re8 9. Nf5 {B10: Caro-Kann: 2 d3 and 2 c4.} Bf8 10. a4 Nc5 11. Ne3 {Black has an edge.} a5 12. h3 {[#]} (12. exd5 $11 cxd5 13. b3) 12... g6 $146 (12... d4 $15 13. Nf5 Be6) ({Predecessor:} 12... dxe4 13. dxe4 Qd4 14. Qe2 b6 15. Rd1 Qd8 16. Ndc4 Qc7 17. Nf5 Ba6 18. b3 b5 19. axb5 Bxb5 {1-0 (79) Diogo,V (2256)-Ribeiro,J (2119) Lisbon 2014}) 13. b3 (13. exd5 $11 Nxd5 14. Ndc4) 13... h5 (13... dxe4 $15 14. Nxe4 Nfxe4 15. dxe4 Qd4) 14. Re1 (14. exd5 $11 Nxd5 15. Bb2) 14... h4 15. Kh2 (15. exd5 $11 Nxd5 16. Bb2) 15... Bh6 16. Ba3 Na6 17. Nf3 hxg3+ 18. fxg3 Nb4 19. Nd2 (19. Bb2 $11) 19... Be6 20. Bb2 Nd7 21. Re2 Qb6 22. Ng4 Bg7 ({Better is} 22... Bxg4 $17 23. hxg4 Be3) 23. Nf3 $11 dxe4 24. dxe4 {[%cal Rg4e5]} Rad8 25. Qf1 f6 26. Rd2 (26. Bc1 {keeps more tension.} Qc5 27. Be3 Qe7 28. Rf2 Kh7 29. Nh4) 26... Nc5 27. Rxd8 Qxd8 28. Rd1 Qe7 29. Qe2 {[#]} Nxe4 $1 30. Nh4 {[#]} (30. Qxe4 f5) 30... Nxg3 $1 31. Kxg3 {[#]} (31. Qf2 $1 $15) 31... f5 $1 $17 {[%cal Rf5f4] And now ...f4+ would win.} 32. Nxg6 (32. Qf2 $17 fxg4 33. Bc1) 32... Qg5 $19 {[%mdl 64] Double Attack, Pin} 33. N6xe5 {Black must now prevent Bc1.} fxg4 34. h4 {[#]} Qh5 $40 {[%mdl 128] Black attacks with force.} 35. Re1 $2 (35. Nxg4 Qxg4+ 36. Qxg4 Bxg4 37. Kxg4 Bxb2 38. Rd7) 35... Bf6 36. Rh1 Bf7 37. Kf4 $2 (37. Qxg4+ {was necessary.} Qxg4+ 38. Nxg4 Bxb2 39. Nh6+ Kg7 40. Nxf7 Kxf7 41. Rf1+ Kg7 42. c4) 37... Bxe5+ {Black is clearly winning.} 38. Bxe5 {Now Re1 and White clings on.} Nd5+ 39. Bxd5 Bxd5 40. Rf1 Rf8+ 41. Kg3 Rxf1 {[%mdl 64] Overworked Piece} 42. Qxf1 Qxe5+ 43. Kxg4 Be6+ {Weighted Error Value: White=0.67/Black=0.17} 0-1

[Event "Israel Championship 2021"]
[Site "Haifa"]
[Date "2021.03.12"]
[Round "6.13"]
[White "Aizenberg, Benny"]
[Black "Lahav, Michal"]
[Result "0-1"]
[WhiteElo "2307"]
[BlackElo "2216"]
[Annotator "TA"]
[PlyCount "98"]
[EventDate "2021.01.10"]
[EventType "swiss"]
[EventCountry "ISR"]
[SourceTitle "playchess.com"]
[Source "ChessBase"]
[SourceQuality "1"]

{[%evp 16,98,0,0,8,12,12,9,10,16,24,0,41,24,74,66,74,69,68,67,74,72,79,50,73,66,77,45,55,21,47,53,76,0,25,22,63,47,75,22,27,-1,0,-30,-23,-93,-91,-408,-394,-759,-728,-1108,-183,-146,-81,-63,0,0,85,73,247,230,238,247,238,-1039,-1006,-29957,-29959,-7170,-29938,-5469,-5465,-3071,-3150,-1912,-1929,-29983,-29984,-29990,-29991,-29991,-29992,-29992,-29993]} 1. e4 e6 2. d4 d5 3. Nc3 Bb4 4. e5 c5 5. a3 Bxc3+ 6. bxc3 Ne7 7. Qg4 Qc7 8. Bd3 c4 {is the new trend.} 9. Be2 (9. Qxg7 $2 Rg8 $17) 9... Qa5 {C18: French: 3 Nc3 Bb4: Main line: 7 h4 and 7 Qg4.} 10. Bd2 (10. Qxg7 $2 Qxc3+ 11. Bd2 (11. Kf1 $2 Rg8 $19) 11... Qxa1+ $19) 10... Nf5 11. Nf3 Qa4 {The position is equal.} 12. Ra2 Nc6 {[#]} 13. Nh4 $146 ({Predecessor:} 13. O-O h6 14. Qh5 Bd7 15. h4 Rf8 16. Qg4 O-O-O 17. h5 Qa5 18. Rd1 f6 19. exf6 Rxf6 {½-½ (61) Mishra,A (2342)-Ostrovskiy,A (2427) Charlotte 2020}) 13... Rg8 14. O-O Nce7 15. Rb1 b6 16. Nxf5 Nxf5 17. Rb4 Qd7 18. a4 {[%cal Ba3a4,Ba4a5][%mdl 32]} Bb7 19. Bf1 h6 20. Bc1 Bc6 21. Qd1 O-O-O 22. Be2 Kb7 23. a5 b5 24. Ba3 (24. a6+ $16 Ka8 25. Bg4) 24... Qc7 25. Rb1 a6 (25... Qxa5 $2 26. Rba1 $18) 26. Bc5 Ra8 27. Qc1 (27. Bg4 $16) 27... f6 $11 28. Bb6 Qe7 29. exf6 gxf6 30. Qf4 (30. Bc5 $11 {remains equal.} Qc7 31. Bb6) 30... Rg5 $1 $17 31. Re1 $2 {[%mdl 8192]} (31. g3 $17) 31... e5 $19 32. Qd2 (32. Qc1 Rag8 33. g3) 32... Qg7 33. g3 {[#]} Rg8 $2 (33... Nxg3 $1 {[%mdl 512]} 34. Qxg5 (34. fxg3 Rxg3+) 34... Nxe2+ 35. Kf1 Qxg5 36. Kxe2 e4) 34. Bf1 e4 ({Black should play} 34... h5 $1 {[%cal Rh5h4] Hoping for ...h4.} 35. dxe5 fxe5) 35. Qf4 $17 e3 (35... h5 $15 36. Bh3 Qh7) 36. Raa1 (36. fxe3 $2 Nxg3 37. Qc7+ (37. hxg3 Rxg3+ 38. Bg2 Rxg2+ 39. Kf1 Rg1+ 40. Ke2 Rxe1+ 41. Kd2 Rh1 42. Qf2 Qg2 43. Ke2 Qg4+ 44. Qf3 Rh2+ 45. Ke1 Qxf3 46. Bc5 Qh1#) 37... Qxc7 $19) 36... h5 (36... Re8 $11 37. Bg2 (37. fxe3 Re4 $17) 37... h5) 37. Bh3 $16 (37. fxe3 $2 h4 $19) 37... exf2+ $2 (37... Qh7 $16 {was necessary.}) 38. Kxf2 $18 Nxg3 39. hxg3 Rxg3 {[#] Strongly threatening ...Rg2+!} 40. Re3 $4 {[%mdl 8192] [#]} ({Worse is} 40. Be6 Rg2+ 41. Kf3 (41. Ke3 Qg3+ 42. Qxg3 R8xg3+ 43. Kf4 Rxc3 $11) 41... Rxc2 $11) (40. Bc5 $1 $18 Rg2+ 41. Kf1 (41. Bxg2 {gets mated.} Qxg2+ 42. Ke3 Re8+ 43. Be7 Rxe7+ 44. Qe5 fxe5 45. dxe5 d4+ 46. cxd4 c3 47. d5 Qxd5 48. Red1 Qxe5+ 49. Kf2 Qh2+ 50. Kf1 Qg2#) 41... Rg1+ 42. Ke2) 40... Rxh3 $1 $19 {[%mdl 576] Remove Defender, Decoy} 41. Rxh3 (41. Re2 b4) 41... Qg2+ {[%mdl 64] Double Attack} 42. Ke1 {[#]} Qg1+ $1 43. Qf1 Re8+ 44. Kd2 Qg5+ 45. Kd1 Bd7 {( -> ...Bg4+)} 46. Rf3 Bg4 {Black mates.} 47. Qf2 Qf4 {[%mdl 64] Pin} 48. Qd2 Bxf3+ 49. Kc1 Re1+ {Weighted Error Value: White=0.89/Black=0.34} 0-1

[Event "Israel Championship 2021"]
[Site "Haifa"]
[Date "2021.03.12"]
[Round "6.14"]
[White "Ben Artzi, Ido"]
[Black "Kupervaser, Erez"]
[Result "0-1"]
[WhiteElo "2368"]
[BlackElo "2371"]
[Annotator "TA"]
[PlyCount "106"]
[EventDate "2021.01.10"]
[EventType "swiss"]
[EventCountry "ISR"]
[SourceTitle "playchess.com"]
[Source "ChessBase"]
[SourceQuality "1"]

{[%evp 16,106,4,0,0,-4,93,84,88,91,92,93,131,10,12,12,39,25,38,21,72,45,45,43,47,0,0,0,0,0,0,0,0,0,0,0,0,0,6,6,44,40,38,29,45,6,6,9,9,12,38,-89,-85,-70,-70,-77,-52,-39,-17,-155,0,0,0,0,0,0,0,0,0,0,0,-193,-186,-151,-149,-163,-161,-153,-142,-316,-322,-1030,-1103,-730,-578,-1129,-1129,-665,-31,-653,-621,-29984,-29985]} 1. d4 d5 2. c4 Nc6 3. cxd5 Qxd5 4. Nf3 e5 5. Nc3 Bb4 6. Bd2 Bxc3 7. Bxc3 e4 8. Nd2 e3 9. fxe3 Nf6 {D07: Queen's Gambit: Chigorin Defence.} 10. Qb3 Qg5 (10... Be6 $11) 11. e4 $1 $16 O-O {White is better.} 12. d5 $1 {[%cal Rd5c6]} Ne7 {[#]} 13. g3 $146 ({Predecessor:} 13. Qc4 c6 14. d6 Ng6 15. Qd3 Bg4 16. g3 Rad8 17. Qd4 c5 18. Qf2 Rxd6 19. Nf3 {1-0 (67) Kopeikin,Y (2090)-Gavrilov,V (2163) Ufa 2010}) 13... Ng4 {...Qe3 would now be nice for Black.} 14. Bb4 ({White should try} 14. Bd4 $1 $16) 14... Re8 $1 $11 15. Bg2 Ng6 16. Bc5 {White wants to play Bd4.} c6 $1 17. Nf3 Qd8 (17... Qh5 $11 {keeps the balance.}) 18. O-O b6 19. Ba3 cxd5 20. Nd4 (20. Rad1 $5 {[%cal Rd1d5]}) 20... Qg5 $1 21. Qxd5 Qe3+ 22. Kh1 Be6 23. Nxe6 fxe6 24. Qd3 Rad8 25. Qxe3 Nxe3 $40 {[%mdl 128] Black mounts an attack.} 26. Rf3 Nxg2 27. Kxg2 Ne5 28. Rc3 Rd4 29. Rac1 Rxe4 30. Rc8 Rxc8 (30... Rxe2+ $2 31. Kf1 $18) 31. Rxc8+ {[%mdl 4096] Endgame KRB-KRN} Kf7 32. Rc7+ Kg6 33. Rxa7 (33. Kf1 $14 {stays ahead.}) 33... Rxe2+ $17 34. Kf1 Rxh2 35. Bf8 Kf5 {Hoping for ...g5.} 36. Bxg7 Nf3 37. Rf7+ (37. Ra4 $11) 37... Ke4 $2 ({Black should play} 37... Kg4 $17 38. Bc3 Kxg3 39. Rg7+ Kf4) 38. Rf6 $1 $11 e5 39. Rxb6 Nd2+ 40. Ke1 Nc4 41. Rb4 Kd3 (41... Ke3 $5 42. Rb3+ $8 Kd4 $11) 42. Rb3+ Ke4 43. Rb5 $2 (43. Rb4 $11 Ke3 44. Rb3+ Ke4 45. Rb4) 43... Kf3 $1 $19 {[%cal Rh2h1]} 44. Kd1 Nxb2+ 45. Kc1 Nd3+ {[%mdl 64] Discovered Attack} 46. Kb1 e4 ({Much less strong is} 46... Kxg3 47. a4 $15) 47. Bd4 $2 (47. Rb3 $17) 47... e3 ({Weaker is} 47... Kxg3 48. a4 $17) 48. Bxe3 (48. Bc3) 48... Kxe3 {KRN-KR} 49. a4 Kd4 {White must now prevent ...Kc3.} 50. a5 Kc3 51. a6 Rh1+ 52. Ka2 {[#]} Rh6 $1 {( -> ...Nb4+)} ({And not} 52... Nb4+ 53. Rxb4 Kxb4 54. a7 $11) 53. Rb3+ {[#]} Kc2 $1 {Weighted Error Value: White=0.56/Black=0.14} 0-1

[Event "Israel Championship 2021"]
[Site "Haifa"]
[Date "2021.03.12"]
[Round "6.15"]
[White "Katz, Kiril"]
[Black "Kochavi, Ori"]
[Result "0-1"]
[WhiteElo "1957"]
[BlackElo "2273"]
[Annotator "TA"]
[PlyCount "104"]
[EventDate "2021.01.10"]
[EventType "swiss"]
[EventCountry "ISR"]
[SourceTitle "playchess.com"]
[Source "ChessBase"]
[SourceQuality "1"]

{[%evp 11,104,50,43,-12,-5,-6,21,11,136,133,153,30,58,33,83,69,74,75,88,87,120,125,140,124,168,129,139,39,179,191,176,152,145,154,237,227,245,245,300,308,429,393,399,79,91,-40,-57,-178,-189,-187,-177,-197,-186,-192,-38,-391,-392,-388,-385,-371,-365,-489,-490,-487,-486,-421,-301,-433,-441,-670,-641,-623,-605,-639,-623,-615,-604,-985,-756,-1571,-1536,-1375,-1506,-29985,-29986,-29986,-29986,-29986,-29985,-29989,-29987,-29991,-5177,-5085,-5085]} 1. e4 c5 2. Nf3 Nc6 3. d4 cxd4 4. Nxd4 Qb6 5. Nb3 e6 6. Be3 Qc7 7. N1d2 {B32: Sicilian: Löwenthal and Kalashnikov Variations.} (7. a3 $14) 7... Nf6 8. f4 {[#]} h5 $146 ({Predecessor:} 8... Be7 9. Be2 b6 10. O-O Bb7 11. c3 O-O 12. Bd3 Rfe8 13. Nd4 Nxd4 14. cxd4 Rac8 {1-0 (45) Rybka,S (1785)-Lovcican,T (1452) Liptovsky Mikulas 2017}) 9. h3 {The position is equal.} g5 (9... e5 $11 {remains equal.}) 10. fxg5 $16 Qg3+ 11. Bf2 (11. Ke2 $16) 11... Qxg5 $11 12. Qf3 d6 13. O-O-O Bd7 14. Kb1 $36 {[%mdl 2048] White is on the roll.} Ne5 15. Qe2 Rc8 16. Bxa7 Qg6 17. Bd4 Bc6 18. Bxe5 dxe5 19. Na5 (19. Qe1 $1 $16) 19... Bb4 (19... Ba4 $1 $14) 20. Nxc6 $18 bxc6 21. c3 Bc5 22. Qf3 Rd8 (22... Rg8 $16 {keeps fighting.} 23. Bd3 Qg3) 23. Bd3 $1 h4 24. Nc4 Rh5 25. Rhf1 Ke7 26. Na5 Rc8 27. Be2 $2 (27. Nb7 $18 Bb6 28. Bc2) 27... Rg5 $16 28. Qd3 ({Better is} 28. Ba6 $16 Rc7 29. Nb7 Qxe4+ 30. Qxe4 Nxe4 31. Rfe1) 28... Qxe4 $15 29. Rxf6 Qxd3+ $19 30. Bxd3 Kxf6 31. Be4 Kg7 32. Rd7 Rg3 $2 (32... Kf8 $1 $19 {aiming for ...f5.} 33. b4 f5 $1) 33. Bxc6 $2 {[%mdl 8192]} ({White should play} 33. Nc4 $15) 33... Bb6 34. Bb7 Rc7 ({Not} 34... Bxa5 35. Bxc8 e4 36. Bb7 $16) 35. Rxc7 Bxc7 {[%mdl 4096] Endgame KRB-KBN} 36. Nc4 f5 37. a4 e4 38. a5 Rxg2 {...Bxa5! is the strong threat.} 39. a6 {[#]} (39. b4 $142 Rg3 40. a6) 39... Bb8 $1 40. Ne5 (40. b4 $142 Rg3 41. b5 Rxc3 42. b6) 40... Rg1+ ({Worse is} 40... Bxe5 41. a7 $16) 41. Kc2 Ba7 (41... Bxe5 $2 42. a7 $19) 42. Nc6 Rg2+ 43. Kd1 Bb6 44. b4 Rg3 45. c4 Rxh3 46. c5 Rd3+ 47. Ke2 {[#]} h3 $1 48. Ne5 {[#]} h2 $1 49. Nxd3 {[#]} h1=Q $1 50. Ne1 (50. Kd2 Bd8) 50... Qh2+ 51. Kd1 e3 52. Nf3 Qf2 {Weighted Error Value: White=0.74/Black=0.45} 0-1

[Event "Israel Championship 2021"]
[Site "Haifa"]
[Date "2021.03.12"]
[Round "6.16"]
[White "Shohat, Yotam"]
[Black "Stolyarsky, Yegor"]
[Result "1-0"]
[WhiteElo "2371"]
[BlackElo "2063"]
[Annotator "TA"]
[PlyCount "77"]
[EventDate "2021.01.10"]
[EventType "swiss"]
[EventCountry "ISR"]
[SourceTitle "playchess.com"]
[Source "ChessBase"]
[SourceQuality "1"]

{[%evp 9,77,0,8,8,19,18,33,29,22,26,53,34,45,47,47,50,61,35,64,52,61,52,64,57,118,121,119,121,208,199,211,197,253,164,157,157,161,162,195,203,416,409,541,539,534,488,507,504,645,679,670,657,632,631,936,909,822,668,901,466,833,620,660,656,649,631,983,875,1713,1564]} 1. d4 Nf6 2. Bg5 g6 3. Bxf6 exf6 4. g3 Bg7 5. Bg2 f5 6. e3 {A45: Trompowsky Attack.} c6 7. c4 {[#]} Na6 $146 ({Predecessor:} 7... Qa5+ 8. Qd2 Qb6 9. c5 Qc7 10. Ne2 d6 11. cxd6 Qxd6 12. Nbc3 O-O 13. O-O Nd7 {1-0 (41) Agnello,F (1741)-Zahner,R (1680) Lugano 2012}) 8. Ne2 {White is slightly better.} Nc7 9. Nbc3 d6 10. O-O O-O 11. Qd3 Ne8 12. b4 {[%cal Bb2b4,Bb4b5][%mdl 32]} Nf6 13. Rfd1 Qe7 14. b5 c5 15. Rac1 Rb8 16. Nf4 Re8 {White now steadily converts the win.} ({Black should try} 16... Be6 $14) 17. Ncd5 Nxd5 18. Nxd5 ({Inferior is} 18. cxd5 b6 $11) 18... Qd8 (18... Qf8 $16) 19. dxc5 $18 dxc5 20. Qa3 {[%csl LRa7,LRc5]} b6 (20... a6 $142 21. Qxc5 Be6 22. bxa6 bxa6) 21. Qxa7 Rb7 22. Qa8 ({Worse is} 22. Nf6+ Qxf6 23. Bxb7 Qe7 $17) 22... Rd7 23. Bf3 Kf8 24. Nf4 Ree7 $2 {[#]} (24... Be5 25. a4 g5) 25. Qb8 Re8 26. Rxd7 {White is clearly winning.} Bxd7 27. Qd6+ Qe7 28. Qxb6 g5 29. Nd5 Qe5 30. Qxc5+ Kg8 31. Rd1 f4 32. exf4 gxf4 33. Qc7 Qf5 34. Qxd7 Re1+ (34... Qxd7 $142 35. Nf6+ {[%mdl 64] Discovered Attack} Bxf6 36. Rxd7 Rd8) 35. Kg2 Qxd7 {[#]} 36. Nf6+ $1 {[%mdl 576] Discovered Attack} Bxf6 37. Rxd7 fxg3 38. hxg3 Ra1 39. Bd5 {Weighted Error Value: White=0.27/Black=0.39} 1-0

[Event "Israel Championship 2021"]
[Site "Haifa"]
[Date "2021.03.13"]
[Round "7.1"]
[White "Mikhalevski, Victor"]
[Black "Nabaty, Tamir"]
[Result "1-0"]
[WhiteElo "2552"]
[BlackElo "2638"]
[Annotator "TA"]
[PlyCount "33"]
[EventDate "2021.01.10"]
[EventType "swiss"]
[EventCountry "ISR"]
[SourceTitle "playchess.com"]
[Source "ChessBase"]
[SourceQuality "1"]

{[%evp 9,33,8,42,65,35,34,48,15,113,118,120,79,72,74,71,79,82,87,90,78,453,474,472,470,455,444]} 1. Nf3 d5 2. g3 Bf5 3. Bg2 c6 4. Nh4 Bg4 {[#]} 5. c4 $146 ({Predecessor:} 5. h3 Bh5 6. c4 dxc4 7. Na3 f6 8. Nxc4 Bf7 9. d3 Bxc4 10. dxc4 Qxd1+ 11. Kxd1 Nd7 {½-½ (28) Abolianin,A (2327)-Burmakin,V (2504) Amantea 2018}) 5... dxc4 6. Na3 $1 {A07: Réti Opening: New York and Capablanca Systems.} e5 7. Nxc4 Nd7 8. d4 {White is slightly better.} Bb4+ (8... Be6 $11 9. b3 Nb6) 9. Bd2 $16 Qe7 10. Ne3 Be6 11. Nef5 Bxf5 12. Nxf5 Bxd2+ 13. Qxd2 Qf6 14. Bh3 $36 {[%mdl 2048] Strongly threatening Qb4. White is on the roll.} g6 $2 {[%mdl 8192]} (14... exd4 $16 {is tougher.} 15. Nxd4 Nb6) 15. dxe5 $18 {White is clearly winning.} Nxe5 16. Nd6+ {[%mdl 64] [#] Double Attack} Kf8 17. f4 {Weighted Error Value: White=0.12/Black=0.59} 1-0

[Event "Israel Championship 2021"]
[Site "Haifa"]
[Date "2021.03.13"]
[Round "7.2"]
[White "Boruchovsky, Avital"]
[Black "Gorodetsky, David"]
[Result "1/2-1/2"]
[WhiteElo "2541"]
[BlackElo "2495"]
[Annotator "ChessBase"]
[PlyCount "79"]
[EventDate "2021.01.10"]
[EventType "swiss"]
[EventCountry "ISR"]
[SourceTitle "playchess.com"]
[Source "ChessBase"]
[SourceQuality "1"]
[TimeControl "40/5400+30:3600+30"]

1. d4 {[%emt 0:00:53]} Nf6 {[%emt 0:00:00]} 2. c4 {[%emt 0:00:13]} e6 {[%emt 0:00:00]} 3. Nf3 {[%emt 0:00:05]} d5 {[%emt 0:01:01]} 4. g3 {[%emt 0:00:08]} dxc4 {[%emt 0:02:03]} 5. Bg2 {[%emt 0:00:07]} a6 {[%emt 0:00:11]} 6. O-O {[%emt 0:00:25]} Nc6 {[%emt 0:00:14]} 7. Be3 {[%emt 0:00:17]} Nd5 {[%emt 0:10:00]} 8. Qc1 {[%emt 0:00:18]} Be7 {[%emt 0:07:16]} 9. Qxc4 {[%emt 0:01:18]} Nxe3 {[%emt 0:01:07]} 10. fxe3 {[%emt 0:00:11]} O-O {[%emt 0:00:26]} 11. a3 {[%emt 0:00:05]} Bd6 {[%emt 0:10:43]} 12. Nc3 {[%emt 0:06:17]} Qf6 {[%emt 0:08:17]} 13. Rf2 {[%emt 0:33:41]} Qh6 {[%emt 0:04:37]} 14. Qd3 {[%emt 0:00:06]} Ne7 {[%emt 0:10:19]} 15. Nd2 {[%emt 0:08:12]} c6 {[%emt 0:07:07]} 16. Nc4 {[%emt 0:03:27]} Bc7 {[%emt 0:03:05]} 17. b4 {[%emt 0:02:12]} e5 {[%emt 0:04:14]} 18. Ne4 {[%emt 0:08:50]} Nd5 {[%emt 0:09:34]} 19. Nc5 {[%emt 0:14:23]} b6 {[%emt 0:04:18]} 20. Nb3 {[%emt 0:00:06]} Be6 {[%emt 0:01:26]} 21. dxe5 {[%emt 0:08:33]} Rad8 {[%emt 0:02:37]} 22. Nd4 {[%emt 0:00:52]} Nxe3 {[%emt 0:06:59]} 23. Nxe3 {[%emt 0:00:05]} Bxe5 {[%emt 0:00:15]} 24. Nec2 {[%emt 0:00:03]} c5 {[%emt 0:01:05]} 25. bxc5 {[%emt 0:00:07]} bxc5 {[%emt 0:00:02]} 26. e3 {[%emt 0:00:10]} cxd4 {[%emt 0:00:24]} 27. exd4 {[%emt 0:00:08]} Bf6 {[%emt 0:01:38]} 28. Raf1 {[%emt 0:02:53]} Rd6 {[%emt 0:00:41]} 29. d5 {[%emt 0:01:46]} Bd7 {[%emt 0:01:30]} 30. Nd4 {[%emt 0:00:38]} Re8 {[%emt 0:02:18]} 31. Nf5 {[%emt 0:01:56]} Bxf5 {[%emt 0:00:02]} 32. Rxf5 {[%emt 0:00:10]} Qe3+ {[%emt 0:00:55]} 33. Qxe3 {[%emt 0:00:05]} Rxe3 {[%emt 0:00:01]} 34. R5f3 {[%emt 0:00:21]} Rxf3 {[%emt 0:01:35]} 35. Bxf3 {[%emt 0:00:05]} Kf8 {[%emt 0:00:20]} 36. Rc1 {[%emt 0:00:36]} Ke7 {[%emt 0:00:22]} 37. a4 {[%emt 0:00:15]} Kd8 {[%emt 0:01:13]} 38. Kg2 {[%emt 0:01:25]} Rb6 {[%emt 0:00:22]} 39. Rc4 {[%emt 0:00:25]} Be5 {[%emt 0:00:37]} 40. Rc6 {[%emt 0:02:10]} 1/2-1/2